| 000 | 00842cam a22002653a 4500 | ||
|---|---|---|---|
| 001 | 33261 | ||
| 003 | PGUSA | ||
| 005 | 20140828083723.0 | ||
| 008 | 100726s2010||||xxu|||||s|||||000 1 eng d | ||
| 040 |
_aPGUSA _beng |
||
| 042 | _adc | ||
| 050 | 4 | _aPR | |
| 100 | 1 |
_aJenkins, Herbert George, _d1876-1923 |
|
| 245 | 1 | 0 |
_aBindle : _bSome Chapters in the Life of Joseph Bindle _h[electronic resource] / _cHerbert George Jenkins |
| 260 |
_bProject Gutenberg, _c2010 |
||
| 506 | _aPublic domain in the USA. | ||
| 516 | _aElectronic text | ||
| 653 | _aBindle, Joseph (Fictitious character) -- Fiction | ||
| 653 | _aHumorous stories | ||
| 653 | _aMarried people -- England -- Fiction | ||
| 653 | _aWorking class -- England -- Fiction | ||
| 830 | 0 |
_aProject Gutenberg _v33261 |
|
| 856 | 4 | 0 | _uhttp://www.gutenberg.org/ebooks/33261 |
| 942 | _cEB | ||
| 999 |
_c262516 _d262516 |
||